000 00389nam a2200109Ia 4500
008 171204s9999 xx 000 0 und d
245 _aL.A.'s Legendary Restaurants: Celebrating the Famous Places Where Hollywood Ate, Drank, and Played
245 _cGeorge Geary
260 _c2016
650 _xFront Office Operation & Management
856 _uhttp://down.ebook777.com/029/1595800891LA.pdf
999 _c346691
_d346691